000
00310nam a22001337a 4500
008
190305b xxu||||| |||| 00| 0 eng d
020
_a
9780723431824
041
_a
eng
080
_a
616.5
100
_a
7
101
_a
DER
245
_a
Obstetric and Gynecologic Dermatology
_c
McKay, M.B.M
942
_2
udc
_c
BK
999
_c
54558
_d
54558